An introduction to the constitution of Malaysia
| Main Author: | Mohamed Suffian Hashim, Tun |
|---|---|
| Published: |
Malaysia:
Lord President of the Federal Court,
1976.
|
| Subjects: |
| LEADER | 00540cam a2200145 7i4500 | ||
|---|---|---|---|
| 001 | 0000048159 | ||
| 005 | 20250106090000.0 | ||
| 090 | 0 | 0 | |a KPG1750 |b .M734 1976 |
| 100 | 0 | |a Mohamed Suffian Hashim, |c Tun | |
| 245 | 1 | 3 | |a An introduction to the constitution of Malaysia |c Tun Mohamed Suffian Bin Hashim. |
| 260 | |a Malaysia: |b Lord President of the Federal Court, |c 1976. | ||
| 300 | |a 412 p. | ||
| 650 | 0 | 0 | |a Constitutional law -- |z Malaysia |
| 997 | |a AIDCOMM - Communication and Media, Faculty | ||
| 999 | |a ZARC001658 |b BOK |c OPEN SHELF |e Zainol Ahmad Resource Center | ||